000 00357nam a2200145Ia 4500
100 _aBhargava/N.N
650 _aElectrical Engineering
942 _cBK
654 _aElectronics & Liner Circuits
245 _aBasic Electronics & Liner Circuits
260 _bTata Mc Graw hill
_aNew Delhi
_c1987
082 _a621.3
300 _a490
546 _aENGLISH
999 _c23862
_d23862